Analysis on public transportation and existing transportation policy for mitigation of the system /
Saved in:
| Main Author: | |
|---|---|
| Format: | Thesis Book |
| Language: | English |
| Subjects: | |
| Tags: |
Add Tag
No Tags, Be the first to tag this record!
|
| LEADER | 01270cam a2200313 i 4500 | ||
|---|---|---|---|
| 001 | u1029559 | ||
| 003 | SIRSI | ||
| 005 | 201504031615 | ||
| 008 | 160308s2015 my a m 000 0 eng m | ||
| 040 | |a UMJ |e rda | ||
| 097 | |a TD7 |b UM 2015 Aru | ||
| 100 | 1 | |a Arumugam, Kuvinn Mallar, |e author | |
| 245 | 1 | 0 | |a Analysis on public transportation and existing transportation policy for mitigation of the system / |c Kuvinn Mallar Arumugam. |
| 264 | 1 | |c 2015 | |
| 264 | 4 | |c 2015 | |
| 300 | |a vi, 69 leaves : |b illustrations ; |c 30cm. | ||
| 336 | |a text |2 rdacontent | ||
| 337 | |a unmediated |2 rdamedia | ||
| 338 | |a volume |2 rdacarrier | ||
| 502 | |b M.Eng.SHE. |c Jabatan Kejuruteraan Kimia, Fakulti Kejuruteraan, Universiti Malaya |d 2015. | ||
| 504 | |a Bibliography: leaves 67-69. | ||
| 530 | |a Issued also in CD. | ||
| 650 | 0 | |a Urban transportation policy |z Malaysia. | |
| 650 | 0 | |a Transportation |z Malaysia |x Planning. | |
| 710 | 2 | |a Universiti Malaya. |b Jabatan Kejuruteraan Kimia, |e degree granting institution. | |
| 900 | |a AMA | ||
| 596 | |a 7 | ||
| 999 | |a TD7 UM 2015 ARU |w LC |c 1 |i A516558918 |d 29/9/2016 |f 29/9/2016 |g 1 |l STACKS |m P07JURUTER |r N |s Y |t TESIS |u 29/9/2016 |1 STEM | ||
| 999 | |a TD7 UM 2015 ARU |w LC |c 2 |i A516558864 |d 29/9/2016 |f 29/9/2016 |g 1 |l COUNTER |m P07JURUTER |r N |s Y |t CD |u 29/9/2016 |1 STEM | ||
